000 00399nam a2200133 4500
008 160420b xxu||||| |||| 00| 0 eng d
022 _a 0119-9000
082 _2April-July 2012
_aDPer 641.505
_bC77
245 _aCook.
260 _aPhilippines:
_bUBM Medica;
_cApril - July 2012.
300 _avarious paging:
_bcolor illustrations;
_c29 cm.
650 0 _923121
_aCooking
_vPeriodicals
942 _2ddc
_cPER
999 _c7677
_d7677